Эксплуатация и ремонт электродвигателей с термореактивной изоляцией

Bibliografische gegevens
Hoofdauteur: Соколов Р. И. Руслан Иванович
Taal:Russisch
Gepubliceerd in: Москва, Энергоатомиздат, 1992
Reeks:Библиотека электромонтера Вып. 645
Onderwerpen:
Formaat: Boek
KOHA link:https://koha.lib.tpu.ru/cgi-bin/koha/opac-detail.pl?biblionumber=52326

MARC

LEADER 00000nam0a2200000 4500
001 52326
005 20231031041459.0
010 |a 5283009785 
035 |a (RuTPU)RU\TPU\book\54833 
090 |a 52326 
100 |a 20030528d1992 km y0rusy50 ca 
101 0 |a rus 
102 |a RU 
105 |a a z 001zy 
200 1 |a Эксплуатация и ремонт электродвигателей с термореактивной изоляцией  |f Р. И. Соколов 
210 |a Москва  |c Энергоатомиздат  |d 1992 
215 |a 88 с.  |c ил. 
225 1 |a Библиотека электромонтера  |v Вып. 645 
320 |a Библиогр.: с. 84 
610 1 |a электродвигатели 
610 1 |a изоляция 
610 1 |a эксплуатация 
610 1 |a ремонт 
675 |a 621.313.13  |v 3 
700 1 |a Соколов  |b Р. И.  |g Руслан Иванович 
801 1 |a RU  |b 63413507  |c 20030528  |g PSBO 
801 2 |a RU  |b 63413507  |c 20170301  |g PSBO 
942 |c BK